<?xml version="1.0" encoding="UTF-8"?>
<record
    xmlns:xsi="http://www.w3.org/2001/XMLSchema-instance"
    xsi:schemaLocation="http://www.loc.gov/MARC21/slim http://www.loc.gov/standards/marcxml/schema/MARC21slim.xsd"
    xmlns="http://www.loc.gov/MARC21/slim">

  <leader>00626nam a22001937a 4500</leader>
  <controlfield tag="005">20230309061520.0</controlfield>
  <controlfield tag="008">230309b        |||||||| |||| 00| 0 eng d</controlfield>
  <datafield tag="020" ind1=" " ind2=" ">
    <subfield code="a">978-1-78879-043-7</subfield>
  </datafield>
  <datafield tag="082" ind1=" " ind2=" ">
    <subfield code="a">641.874 C593 2018</subfield>
  </datafield>
  <datafield tag="100" ind1=" " ind2=" ">
    <subfield code="a">Clark, Jason</subfield>
    <subfield code="e">author</subfield>
  </datafield>
  <datafield tag="245" ind1=" " ind2=" ">
    <subfield code="a">The art and craft of coffee cocktails:</subfield>
    <subfield code="b">over 75 recipes for mixing coffee and liquor /</subfield>
    <subfield code="c">Jason Clark; photograph by Alex Attikov Osyka</subfield>
  </datafield>
  <datafield tag="260" ind1=" " ind2=" ">
    <subfield code="a">London:</subfield>
    <subfield code="b">Reyland Peters &amp; Small,</subfield>
    <subfield code="c">c2018</subfield>
  </datafield>
  <datafield tag="300" ind1=" " ind2=" ">
    <subfield code="a">208p.:</subfield>
    <subfield code="b">col. ill.</subfield>
  </datafield>
  <datafield tag="504" ind1=" " ind2=" ">
    <subfield code="a">Includes index</subfield>
  </datafield>
  <datafield tag="541" ind1=" " ind2=" ">
    <subfield code="e">6950</subfield>
  </datafield>
  <datafield tag="650" ind1=" " ind2=" ">
    <subfield code="a">Cocktails</subfield>
  </datafield>
  <datafield tag="650" ind1=" " ind2=" ">
    <subfield code="a">Coffee</subfield>
  </datafield>
  <datafield tag="700" ind1=" " ind2=" ">
    <subfield code="a">Osyka, Alex A.</subfield>
    <subfield code="e">photographer</subfield>
  </datafield>
  <datafield tag="952" ind1=" " ind2=" ">
    <subfield code="0">0</subfield>
    <subfield code="1">0</subfield>
    <subfield code="2">ddc</subfield>
    <subfield code="4">0</subfield>
    <subfield code="7">0</subfield>
    <subfield code="a">CTUMB</subfield>
    <subfield code="b">CTUMB</subfield>
    <subfield code="d">2021-03-03</subfield>
    <subfield code="l">0</subfield>
    <subfield code="o">641.874 C593 2018</subfield>
    <subfield code="p">6950</subfield>
    <subfield code="r">2023-03-09 00:00:00</subfield>
    <subfield code="t">1</subfield>
    <subfield code="w">2023-03-09</subfield>
    <subfield code="y">BK-R</subfield>
  </datafield>
  <datafield tag="999" ind1=" " ind2=" ">
    <subfield code="c">1679</subfield>
    <subfield code="d">1679</subfield>
  </datafield>
</record>
